[Event "1st Online FIDE Cup for disabled players"]
[Site "T#646224FIDE"]
[Date "2020.05.21"]
[Round "4"]
[White "Aleksandra_Aleksandrov"]
[Black "Evgenijkoishman"]
[Result "0-1"]
[WhiteElo "1522"]
[BlackElo "1729"]
[Annotator "NA"]
[PlyCount "67"]
[EventDate "2020.05.21"]
[EventType "swiss (blitz)"]

1. d4 {[%emt 0:00:10]} c5 {[%emt 0:00:01]} 2. d5 {[%emt 0:00:09]} e5 {[%emt 0:00:01]} 3. dxe6 {[%emt 0:00:07]} fxe6 {[%emt 0:00:02]} 4. e4 {[%emt 0:00:10]} d5 {[%emt 0:00:02]} 5. exd5 {[%emt 0:00:06]} exd5 {[%emt 0:00:01]} 6. Nf3 {[%emt 0:00:02]} Nf6 {[%emt 0:00:03]} 7. Be2 {[%emt 0:00:08]} Be7 {[%emt 0:00:03]} 8. O-O {[%emt 0:00:03]} O-O {[%emt 0:00:02]} 9. c3 {[%emt 0:00:07]} Nc6 {[%emt 0:00:07]} 10. Qc2 {[%emt 0:00:09]} Bg4 {[%emt 0:00:48]} 11. h3 {[%emt 0:00:06]} Bh5 {[%emt 0:00:02]} 12. Bf4 {[%emt 0:00:15]} Ne4 {[%emt 0:00:19]} 13. Nbd2 {[%emt 0:00:16]} Rxf4 {[%emt 0:00:05]} 14. g4 {[%emt 0:00:09]} Bg6 {[%emt 0:00:14]} 15. Qb3 {[%emt 0:00:04]} b6 {[%emt 0:00:45]} 16. Rad1 {[%emt 0:00:18]} Na5 {[%emt 0:00:34]} 17. Qa3 {[%emt 0:00:06]} c4 {[%emt 0:00:17]} 18. Qa4 {[%emt 0:00:09]} Qe8 {[%emt 0:00:26]} 19. Qxe8+ {[%emt 0:00:16]} Rxe8 {[%emt 0:00:02]} 20. Ne5 {[%emt 0:00:02]} Bc5 {[%emt 0:01:04]} 21. Nxg6 {[%emt 0:00:06]} hxg6 {[%emt 0:00:00]} 22. Nxe4 {[%emt 0:00:20]} Rexe4 {[%emt 0:00:18]} 23. Rd2 {[%emt 0:00:32]} Re8 {[%emt 0:00:25]} 24. Bd1 {[%emt 0:00:17]} d4 {[%emt 0:00:21]} 25. cxd4 {[%emt 0:00:51]} Bxd4 {[%emt 0:00:44]} 26. b4 {[%emt 0:00:25]} Bc3 {[%emt 0:01:04]} 27. Rd7 {[%emt 0:00:22]} Bxb4 {[%emt 0:00:08]} 28. Rxa7 {[%emt 0:00:02]} Bc5 {[%emt 0:00:46]} 29. Ba4 {[%emt 0:00:18]} Ref8 {[%emt 0:00:06]} 30. Bd7 {[%emt 0:00:45]} Rxf2 {[%emt 0:00:11]} 31. Rxf2 {[%emt 0:00:04]} Rxf2 {[%emt 0:00:08]} 32. Kh1 {[%emt 0:00:06]} c3 {[%emt 0:00:18]} 33. Be6+ {[%emt 0:00:36]} Kf8 {[%emt 0:00:04]} 34. Bb3 {[%emt 0:00:09] Aleksandra_Aleksandrov Ñäàåòñÿ (Lag: Av=2.88s, max=7.1s)} 0-1

[Event "1st Online FIDE Cup for disabled players"]
[Site "T#646224FIDE"]
[Date "2020.05.21"]
[Round "4"]
[White "ViktoriaBatarova"]
[Black "jeni64"]
[Result "0-1"]
[WhiteElo "1451"]
[BlackElo "1689"]
[Annotator "NA"]
[PlyCount "42"]
[EventDate "2020.05.21"]
[EventType "swiss (blitz)"]

1. e4 {[%emt 0:00:03]} c5 {[%emt 0:00:03]} 2. Nf3 {[%emt 0:00:07]} d6 {[%emt 0:00:01]} 3. d4 {[%emt 0:00:02]} cxd4 {[%emt 0:00:02]} 4. Nxd4 {[%emt 0:00:02]} Nf6 {[%emt 0:00:02]} 5. Nc3 {[%emt 0:00:02]} a6 {[%emt 0:00:01]} 6. Be2 {[%emt 0:00:13]} e5 {[%emt 0:00:03]} 7. Nf3 {[%emt 0:00:05]} Be7 {[%emt 0:00:03]} 8. O-O {[%emt 0:00:03]} O-O {[%emt 0:00:02]} 9. Bg5 {[%emt 0:00:09]} h6 {[%emt 0:00:07]} 10. Bh4 {[%emt 0:00:03]} Be6 {[%emt 0:00:45]} 11. Qd2 {[%emt 0:00:23]} Nbd7 {[%emt 0:00:34]} 12. h3 {[%emt 0:00:20]} Rc8 {[%emt 0:00:12]} 13. a3 {[%emt 0:01:00]} Nc5 {[%emt 0:00:35]} 14. Rad1 {[%emt 0:00:31]} Nfxe4 {[%emt 0:00:36]} 15. Nxe4 {[%emt 0:00:34]} Nxe4 {[%emt 0:00:02]} 16. Qe3 {[%emt 0:00:26]} f5 {[%emt 0:00:17]} 17. Nxe5 {[%emt 0:00:56]} Bxh4 {[%emt 0:00:08]} 18. Ng6 {[%emt 0:00:55]} Re8 {[%emt 0:00:35]} 19. Bh5 {[%emt 0:01:48]} Bf7 {[%emt 0:01:47]} 20. Qf4 {[%emt 0:00:51]} Bg5 {[%emt 0:00:16]} 21. Qxf5 {[%emt 0:00:22]} Qf6 {[%emt 0:00:55] Âðåìÿ (Lag: Av=0.63s, max=1.3s)} 0-1

[Event "1st Online FIDE Cup for disabled players"]
[Site "T#646224FIDE"]
[Date "2020.05.21"]
[Round "4"]
[White "Gonchigdorj_Gombo"]
[Black "Dariya2504"]
[Result "1-0"]
[WhiteElo "1423"]
[BlackElo "1620"]
[Annotator "NA"]
[PlyCount "23"]
[EventDate "2020.05.21"]
[EventType "swiss (blitz)"]

1. d4 {[%emt 0:00:10]} f5 {[%emt 0:00:06]} 2. c4 {[%emt 0:00:17]} Nf6 {[%emt 0:00:05]} 3. Nc3 {[%emt 0:00:02]} e6 {[%emt 0:00:05]} 4. g3 {[%emt 0:00:08]} b6 {[%emt 0:00:04]} 5. Bg2 {[%emt 0:00:03]} c6 {[%emt 0:00:18]} 6. e4 {[%emt 0:00:07]} fxe4 {[%emt 0:00:19]} 7. Nxe4 {[%emt 0:00:02]} Nxe4 {[%emt 0:00:12]} 8. Bxe4 {[%emt 0:00:02]} Be7 {[%emt 0:00:10]} 9. Qh5+ {[%emt 0:00:05]} g6 {[%emt 0:00:11]} 10. Bxg6+ {[%emt 0:00:03]} Kf8 {[%emt 0:00:27]} 11. Bh6+ {[%emt 0:00:09]} Kg8 {[%emt 0:00:06]} 12. Bf7# {[%emt 0:00:02] (Lag: Av=0.63s, max=0.7s) Mate} 1-0

[Event "1st Online FIDE Cup for disabled players"]
[Site "T#646224FIDE"]
[Date "2020.05.21"]
[Round "4"]
[White "HuangGuoHui"]
[Black "Ikemat35"]
[Result "0-1"]
[WhiteElo "1292"]
[BlackElo "1517"]
[Annotator "NA"]
[PlyCount "64"]
[EventDate "2020.05.21"]
[EventType "swiss (blitz)"]

1. d4 {[%emt 0:00:02]} Nf6 {[%emt 0:00:01]} 2. Nf3 {[%emt 0:00:02]} e6 {[%emt 0:00:02]} 3. g3 {[%emt 0:00:02]} b6 {[%emt 0:00:08]} 4. Bg2 {[%emt 0:00:05]} Bb7 {[%emt 0:00:01]} 5. Nbd2 {[%emt 0:00:03]} g6 {[%emt 0:00:05]} 6. O-O {[%emt 0:00:03]} Bg7 {[%emt 0:00:01]} 7. e3 {[%emt 0:00:03]} O-O {[%emt 0:00:02]} 8. b3 {[%emt 0:00:03]} d6 {[%emt 0:00:01]} 9. c4 {[%emt 0:00:03]} c5 {[%emt 0:00:01]} 10. Bb2 {[%emt 0:00:05]} Qc7 {[%emt 0:00:11]} 11. Re1 {[%emt 0:00:12]} Nc6 {[%emt 0:00:28]} 12. e4 {[%emt 0:00:44]} cxd4 {[%emt 0:00:09]} 13. Nxd4 {[%emt 0:00:11]} Nxd4 {[%emt 0:00:10]} 14. Bxd4 {[%emt 0:00:03]} Rad8 {[%emt 0:00:05]} 15. e5 {[%emt 0:01:08]} dxe5 {[%emt 0:00:04]} 16. Bxe5 {[%emt 0:00:02]} Qc8 {[%emt 0:00:01]} 17. Bxb7 {[%emt 0:00:30]} Qxb7 {[%emt 0:00:00]} 18. Qe2 {[%emt 0:00:02]} Rd7 {[%emt 0:00:14]} 19. f4 {[%emt 0:00:56]} Rfd8 {[%emt 0:00:03]} 20. Nf3 {[%emt 0:00:04]} Rd3 {[%emt 0:00:32]} 21. Ng5 {[%emt 0:00:37]} h6 {[%emt 0:00:51]} 22. Nh3 {[%emt 0:00:32]} Rd2 {[%emt 0:00:05]} 23. Qf1 {[%emt 0:00:31]} Qc6 {[%emt 0:00:26]} 24. Re2 {[%emt 0:00:31]} Ng4 {[%emt 0:00:12] HuangGuoHui reconnected.} 25. Bxg7 {[%emt 0:00:36]} Kxg7 {[%emt 0:00:03]} 26. Nf2 {[%emt 0:00:02]} Qf3 {[%emt 0:00:26]} 27. Rxd2 {[%emt 0:00:28]} Rxd2 {[%emt 0:00:33]} 28. Nxg4 {[%emt 0:00:04]} Qxg4 {[%emt 0:00:03]} 29. a4 {[%emt 0:00:05]} Qf5 {[%emt 0:00:14]} 30. Qe1 {[%emt 0:00:13]} Qc5+ {[%emt 0:00:20]} 31. Kh1 {[%emt 0:00:13]} Qc6+ {[%emt 0:00:03]} 32. Kg1 {[%emt 0:00:12]} Qg2# {[%emt 0:00:01] (Lag: Av=2.25s, max=7.6s)} 0-1

[Event "1st Online FIDE Cup for disabled players"]
[Site "T#646224FIDE"]
[Date "2020.05.21"]
[Round "5"]
[White "Chicken16411"]
[Black "Acsgabor"]
[Result "0-1"]
[WhiteElo "2129"]
[BlackElo "1750"]
[Annotator "NA"]
[PlyCount "48"]
[EventDate "2020.05.21"]
[EventType "swiss (blitz)"]

1. e4 {[%emt 0:00:03]} e5 {[%emt 0:00:02]} 2. Nf3 {[%emt 0:00:02]} Nc6 {[%emt 0:00:02]} 3. Bb5 {[%emt 0:00:01]} a6 {[%emt 0:00:01]} 4. Ba4 {[%emt 0:00:01]} d6 {[%emt 0:00:01]} 5. Bxc6+ {[%emt 0:00:04]} bxc6 {[%emt 0:00:02]} 6. d4 {[%emt 0:00:01]} f6 {[%emt 0:00:03]} 7. Nc3 {[%emt 0:00:03]} g6 {[%emt 0:00:10]} 8. O-O {[%emt 0:00:22]} Bg7 {[%emt 0:00:02]} 9. h3 {[%emt 0:00:02]} Ne7 {[%emt 0:00:05]} 10. Nh2 {[%emt 0:00:07]} O-O {[%emt 0:00:16]} 11. f4 {[%emt 0:00:02]} exd4 {[%emt 0:01:02]} 12. Qxd4 {[%emt 0:00:05]} Be6 {[%emt 0:00:09]} 13. Qf2 {[%emt 0:01:43]} f5 {[%emt 0:00:15]} 14. Nf3 {[%emt 0:00:17]} fxe4 {[%emt 0:01:42]} 15. Ng5 {[%emt 0:00:08]} Bc4 {[%emt 0:00:26]} 16. Re1 {[%emt 0:00:16]} Nf5 {[%emt 0:00:25]} 17. Rxe4 {[%emt 0:02:11]} Bd5 {[%emt 0:00:09]} 18. Nxd5 {[%emt 0:00:40]} cxd5 {[%emt 0:00:03]} 19. Ne6 {[%emt 0:00:04]} dxe4 {[%emt 0:00:17]} 20. Nxd8 {[%emt 0:00:05]} Bd4 {[%emt 0:00:01]} 21. Ne6 {[%emt 0:00:18]} Bxf2+ {[%emt 0:00:08]} 22. Kxf2 {[%emt 0:00:02]} Rf7 {[%emt 0:00:22]} 23. g4 {[%emt 0:00:04]} Ng7 {[%emt 0:00:08]} 24. Be3 {[%emt 0:00:13]} Nxe6 {[%emt 0:00:03] Chicken16411 resigns (Lag: Av=0.49s, max=0.9s)} 0-1

[Event "1st Online FIDE Cup for disabled players"]
[Site "T#646224FIDE"]
[Date "2020.05.21"]
[Round "5"]
[White "yurmesh"]
[Black "Andrei_Gurbanov"]
[Result "1-0"]
[WhiteElo "1985"]
[BlackElo "1806"]
[Annotator "TA"]
[PlyCount "53"]
[EventDate "2020.05.21"]
[EventType "swiss (blitz)"]

{[%evp 16,53,15,15,16,16,11,10,72,73,93,100,78,101,181,120,677,667,962,966,1200,1194,1175,1189,1069,1033,1600,1609,1496,1123,1494,1405,2195,1351,1355,1332,1279,1259,5202,5206]} 1. c4 e6 2. g3 d5 3. Nf3 Nf6 4. Bg2 Be7 5. O-O O-O 6. d4 dxc4 7. Qc2 a6 8. a4 c5 9. dxc5 Bxc5 {9...Bxc5 scores better than 9...Nc6. E05: Open Catalan: 5 Nf3 Be7.} 10. Qxc4 Qe7 11. Bg5 b5 {[#]} (11... Nbd7 $11) 12. Bxf6 $146 ({Weaker is} 12. axb5 axb5 13. Qxc5 Qxc5 $17) ({Predecessor:} 12. Qc2 Bb7 13. Bxf6 gxf6 14. axb5 axb5 15. Nc3 Rxa1 16. Rxa1 Rc8 17. Qb3 b4 18. Na4 {½-½ (64) Kulon,K (2326)-Gunina,V (2507) Tbilisi 2018}) 12... gxf6 13. Qg4+ Kh8 14. axb5 f5 {[#]} (14... Bb7 $16 {was worth a try.}) 15. Qh5 (15. Qf4 $1 $18) 15... f6 $2 {[%mdl 8192]} (15... Ra7 $16) 16. Nh4 $18 {Black must now prevent Ng6+.White is clearly winning.} Qa7 17. Ng6+ {[%mdl 64] Double Attack} Kg7 18. Nxf8 Bxf8 19. Bxa8 Qxa8 20. Nc3 Bb7 21. Rfd1 Bc5 22. bxa6 Bxa6 23. Rd8 Qa7 24. Qf3 Qc7 {[#]} 25. Rxb8 $1 {[%mdl 64] Remove Defender} Qxb8 26. Rxa6 Qxb2 27. Rxe6 {Black got outplayed after the opening. Accuracy: White = 84%, Black = 19%.} 1-0

[Event "1st Online FIDE Cup for disabled players"]
[Site "T#646224FIDE"]
[Date "2020.05.21"]
[Round "5"]
[White "Marcin Tazbir"]
[Black "SanderSeverino"]
[Result "1/2-1/2"]
[WhiteElo "1919"]
[BlackElo "2006"]
[Annotator "TA"]
[PlyCount "34"]
[EventDate "2020.05.21"]
[EventType "swiss (blitz)"]

{[%evp 13,19,0,10,5,14,14,18,2]} 1. c4 e5 2. g3 g6 3. Bg2 Bg7 4. Nc3 Nc6 5. d3 d6 6. e3 Nge7 7. Nge2 Be6 {The position is equal.} 8. Nd5 {A25: English Opening vs King's Indian with ...Nc6 but without early d3.} Qd7 9. Nec3 O-O 10. O-O {[#] An uneventful encounter.} {Predecessor:} Nd8 $146 11. Qa4 Nxd5 12. Qxd7 Bxd7 13. cxd5 f5 14. Bd2 c5 15. dxc6 bxc6 16. Rac1 Ne6 17. Na4 Rac8 {½-½ (49) Malakhatko,V (2488)-Yilmazyerli,M (2452) Izmir 2017} 1/2-1/2

[Event "1st Online FIDE Cup for disabled players"]
[Site "T#646224FIDE"]
[Date "2020.05.21"]
[Round "5"]
[White "Denis Palin"]
[Black "ScerbinDmitrij"]
[Result "1-0"]
[WhiteElo "1804"]
[BlackElo "1839"]
[Annotator "NA"]
[PlyCount "113"]
[EventDate "2020.05.21"]
[EventType "swiss (blitz)"]

1. d4 {[%emt 0:00:05]} d5 {[%emt 0:00:06]} 2. Nf3 {[%emt 0:00:02]} Nf6 {[%emt 0:00:10]} 3. e3 {[%emt 0:00:01]} e6 {[%emt 0:00:26]} 4. Bd3 {[%emt 0:00:05]} Bd6 {[%emt 0:00:19]} 5. b3 {[%emt 0:00:25]} Nbd7 {[%emt 0:00:14]} 6. Bb2 {[%emt 0:00:01]} c5 {[%emt 0:00:04]} 7. Nbd2 {[%emt 0:00:29]} Qc7 {[%emt 0:00:13]} 8. c4 {[%emt 0:00:07]} cxd4 {[%emt 0:00:15]} 9. exd4 {[%emt 0:01:18]} O-O {[%emt 0:00:25]} 10. c5 {[%emt 0:00:31]} Bf4 {[%emt 0:00:07]} 11. g3 {[%emt 0:00:06]} Bh6 {[%emt 0:00:06]} 12. O-O {[%emt 0:00:08]} Re8 {[%emt 0:00:21]} 13. b4 {[%emt 0:00:05]} Nf8 {[%emt 0:00:16]} 14. Ne5 {[%emt 0:00:08]} Bxd2 {[%emt 0:00:25]} 15. Qxd2 {[%emt 0:00:02]} Ng6 {[%emt 0:00:07]} 16. Rfe1 {[%emt 0:00:18]} Nxe5 {[%emt 0:00:27]} 17. dxe5 {[%emt 0:02:06]} Nd7 {[%emt 0:00:17]} 18. Bd4 {[%emt 0:00:19]} Nf8 {[%emt 0:00:19]} 19. f4 {[%emt 0:00:05]} Bd7 {[%emt 0:00:07]} 20. b5 {[%emt 0:00:19]} Ng6 {[%emt 0:00:33]} 21. Rec1 {[%emt 0:00:07]} Ne7 {[%emt 0:00:11]} 22. a4 {[%emt 0:00:51]} Nf5 {[%emt 0:00:11]} 23. Bf2 {[%emt 0:00:17]} a5 {[%emt 0:00:21]} 24. Bxf5 {[%emt 0:01:39]} exf5 {[%emt 0:00:04]} 25. Qxd5 {[%emt 0:00:01]} Be6 {[%emt 0:00:04]} 26. Qd6 {[%emt 0:00:02]} Qc8 {[%emt 0:00:08]} 27. Rd1 {[%emt 0:00:39]} Rd8 {[%emt 0:00:36]} 28. Qxd8+ {[%emt 0:00:08]} Qxd8 {[%emt 0:00:03]} 29. Rxd8+ {[%emt 0:00:01]} Rxd8 {[%emt 0:00:04]} 30. Be1 {[%emt 0:00:00]} Rc8 {[%emt 0:00:21]} 31. Rc1 {[%emt 0:01:51]} Bb3 {[%emt 0:00:14]} 32. c6 {[%emt 0:00:01]} bxc6 {[%emt 0:00:10]} 33. Rxc6 {[%emt 0:00:07]} Rb8 {[%emt 0:00:39]} 34. b6 {[%emt 0:00:13]} Bxa4 {[%emt 0:00:08]} 35. Rd6 {[%emt 0:00:01]} Kf8 {[%emt 0:00:15]} 36. Bxa5 {[%emt 0:00:01]} Ke8 {[%emt 0:00:11]} 37. Kf2 {[%emt 0:00:02]} Bc2 {[%emt 0:00:15]} 38. Ke3 {[%emt 0:00:02]} Be4 {[%emt 0:00:05]} 39. g4 {[%emt 0:00:03]} g6 {[%emt 0:00:17]} 40. gxf5 {[%emt 0:00:03]} gxf5 {[%emt 0:00:13]} 41. e6 {[%emt 0:00:04]} Ke7 {[%emt 0:00:17]} 42. Bb4 {[%emt 0:00:05]} fxe6 {[%emt 0:00:04]} 43. Kd4 {[%emt 0:00:04]} Kf6 {[%emt 0:00:13]} 44. Bc5 {[%emt 0:00:06]} Rb7 {[%emt 0:00:05]} 45. Rd8 {[%emt 0:00:03]} Rg7 {[%emt 0:00:19]} 46. Rf8+ {[%emt 0:00:09]} Kg6 {[%emt 0:00:12]} 47. Ke5 {[%emt 0:00:02]} Kh5 {[%emt 0:00:08]} 48. Kxe6 {[%emt 0:00:14]} Rg2 {[%emt 0:00:11]} 49. Rf7 {[%emt 0:00:04]} h6 {[%emt 0:00:12]} 50. Rf6 {[%emt 0:00:10]} Rxh2 {[%emt 0:00:09]} 51. Bf8 {[%emt 0:00:01]} Kh4 {[%emt 0:00:04]} 52. Rxh6+ {[%emt 0:00:01]} Kg3 {[%emt 0:00:04]} 53. Rxh2 {[%emt 0:00:02]} Kxh2 {[%emt 0:00:03]} 54. Bd6 {[%emt 0:00:00]} Kg3 {[%emt 0:00:06]} 55. Kd7 {[%emt 0:00:01]} Kf3 {[%emt 0:00:04]} 56. Kc7 {[%emt 0:00:01]} Ke3 {[%emt 0:00:02]} 57. b7 {[%emt 0:00:01] ScerbinDmitrij Ñäàåòñÿ (Lag: Av=0.45s, max=0.6s)} 1-0

[Event "1st Online FIDE Cup for disabled players"]
[Site "T#646224FIDE"]
[Date "2020.05.21"]
[Round "5"]
[White "Evgenijkoishman"]
[Black "Morphy1977"]
[Result "0-1"]
[WhiteElo "1759"]
[BlackElo "1731"]
[Annotator "NA"]
[PlyCount "80"]
[EventDate "2020.05.21"]
[EventType "swiss (blitz)"]

1. d4 {[%emt 0:00:02]} g6 {[%emt 0:00:17]} 2. Nc3 {[%emt 0:00:01]} Bg7 {[%emt 0:00:17]} 3. e4 {[%emt 0:00:01]} d6 {[%emt 0:00:49]} 4. Bg5 {[%emt 0:00:04]} h6 {[%emt 0:00:19]} 5. Be3 {[%emt 0:00:10]} Nf6 {[%emt 0:00:14]} 6. f3 {[%emt 0:00:22]} O-O {[%emt 0:00:10]} 7. Qd2 {[%emt 0:00:01]} h5 {[%emt 0:00:13]} 8. O-O-O {[%emt 0:00:05]} c6 {[%emt 0:00:11]} 9. h4 {[%emt 0:00:16]} b5 {[%emt 0:00:09]} 10. Bd3 {[%emt 0:00:11]} b4 {[%emt 0:00:15]} 11. Nce2 {[%emt 0:00:10]} e5 {[%emt 0:00:11]} 12. dxe5 {[%emt 0:00:11]} dxe5 {[%emt 0:00:08]} 13. Qxb4 {[%emt 0:00:22]} Be6 {[%emt 0:00:15]} 14. Bc4 {[%emt 0:00:28]} Qc8 {[%emt 0:00:15]} 15. Bxe6 {[%emt 0:00:29]} Qxe6 {[%emt 0:00:04]} 16. Qb3 {[%emt 0:00:18]} Qe7 {[%emt 0:00:20]} 17. Nh3 {[%emt 0:00:14]} Nbd7 {[%emt 0:00:24]} 18. Ng5 {[%emt 0:00:20]} a5 {[%emt 0:00:22]} 19. Qc4 {[%emt 0:00:33]} Rab8 {[%emt 0:00:36]} 20. a3 {[%emt 0:00:11]} Nb6 {[%emt 0:00:24]} 21. Bxb6 {[%emt 0:00:42]} Rxb6 {[%emt 0:00:06]} 22. Nc3 {[%emt 0:00:28]} Bh6 {[%emt 0:00:23]} 23. Rd3 {[%emt 0:00:52]} Nh7 {[%emt 0:00:24]} 24. Na4 {[%emt 0:00:44]} Rbb8 {[%emt 0:00:18]} 25. Rhd1 {[%emt 0:00:17]} Nxg5 {[%emt 0:00:32]} 26. hxg5 {[%emt 0:00:03]} Qxg5+ {[%emt 0:00:08]} 27. Kb1 {[%emt 0:00:12]} Qg3 {[%emt 0:00:14]} 28. Qxc6 {[%emt 0:00:56]} Rfc8 {[%emt 0:00:18]} 29. Qf6 {[%emt 0:00:30]} Qxg2 {[%emt 0:00:28]} 30. Nc3 {[%emt 0:00:15]} Bg5 {[%emt 0:00:36]} 31. Qxe5 {[%emt 0:00:07]} h4 {[%emt 0:00:24]} 32. f4 {[%emt 0:00:03]} Bh6 {[%emt 0:00:35]} 33. f5 {[%emt 0:01:24]} Bg7 {[%emt 0:00:33]} 34. f6 {[%emt 0:00:08]} Bf8 {[%emt 0:00:08]} 35. Qf4 {[%emt 0:00:17]} Bxa3 {[%emt 0:00:19]} 36. b3 {[%emt 0:00:06]} Rxb3+ {[%emt 0:00:15]} 37. Ka1 {[%emt 0:00:23]} Qxc2 {[%emt 0:00:24]} 38. Rd8+ {[%emt 0:00:10]} Bf8 {[%emt 0:00:12]} 39. Qd2 {[%emt 0:00:17]} Ra3+ {[%emt 0:00:14]} 40. Na2 {[%emt 0:00:04]} Rxa2# {[%emt 0:00:07] (Lag: Av=0.95s, max=1.5s)} 0-1

[Event "1st Online FIDE Cup for disabled players"]
[Site "T#646224FIDE"]
[Date "2020.05.21"]
[Round "5"]
[White "jeni64"]
[Black "Guannan_Song"]
[Result "1-0"]
[WhiteElo "1696"]
[BlackElo "1669"]
[Annotator "NA"]
[PlyCount "79"]
[EventDate "2020.05.21"]
[EventType "swiss (blitz)"]

1. e4 {[%emt 0:00:05]} c5 {[%emt 0:00:01]} 2. Nf3 {[%emt 0:00:02]} d6 {[%emt 0:00:01]} 3. d4 {[%emt 0:00:01]} cxd4 {[%emt 0:00:01]} 4. Nxd4 {[%emt 0:00:01]} Nf6 {[%emt 0:00:00]} 5. Nc3 {[%emt 0:00:01]} a6 {[%emt 0:00:00]} 6. g3 {[%emt 0:00:06]} e5 {[%emt 0:00:01]} 7. Nde2 {[%emt 0:00:02]} Be7 {[%emt 0:00:01]} 8. Bg2 {[%emt 0:00:01]} O-O {[%emt 0:00:04]} 9. O-O {[%emt 0:00:02]} Nbd7 {[%emt 0:00:04]} 10. h3 {[%emt 0:00:17]} b5 {[%emt 0:00:03]} 11. a3 {[%emt 0:00:03]} Bb7 {[%emt 0:00:09]} 12. g4 {[%emt 0:00:02]} Nb6 {[%emt 0:00:11]} 13. Ng3 {[%emt 0:00:05]} Rc8 {[%emt 0:00:13]} 14. Nf5 {[%emt 0:00:21]} Rxc3 {[%emt 0:00:39]} 15. bxc3 {[%emt 0:00:03]} Bxe4 {[%emt 0:00:02]} 16. Nxe7+ {[%emt 0:00:13]} Qxe7 {[%emt 0:00:03]} 17. g5 {[%emt 0:00:18]} Bxg2 {[%emt 0:06:29]} 18. gxf6 {[%emt 0:00:07]} Qxf6 {[%emt 0:00:22]} 19. Kxg2 {[%emt 0:00:03]} d5 {[%emt 0:00:07]} 20. Qg4 {[%emt 0:01:46]} e4 {[%emt 0:00:09]} 21. Be3 {[%emt 0:00:12]} Nc4 {[%emt 0:00:03]} 22. Bd4 {[%emt 0:00:02]} Qh6 {[%emt 0:00:00]} 23. Rg1 {[%emt 0:02:23]} f5 {[%emt 0:00:05]} 24. Qg3 {[%emt 0:00:07]} Nd2 {[%emt 0:00:31]} 25. Kh1 {[%emt 0:00:38]} g6 {[%emt 0:00:15]} 26. Be3 {[%emt 0:00:14]} f4 {[%emt 0:00:39]} 27. Bxd2 {[%emt 0:00:17]} Rf5 {[%emt 0:00:01]} 28. Bxf4 {[%emt 0:01:57]} Rxf4 {[%emt 0:00:03]} 29. Rg2 {[%emt 0:00:16]} Rf3 {[%emt 0:00:05]} 30. Qb8+ {[%emt 0:00:19]} Rf8 {[%emt 0:00:17]} 31. Qh2 {[%emt 0:00:25]} Qd2 {[%emt 0:00:03]} 32. Rag1 {[%emt 0:00:16]} Qxc3 {[%emt 0:00:10]} 33. Rg3 {[%emt 0:00:14]} Qxc2 {[%emt 0:00:03]} 34. Qg2 {[%emt 0:00:24]} Rf6 {[%emt 0:00:42]} 35. h4 {[%emt 0:00:18]} Kh8 {[%emt 0:00:13]} 36. h5 {[%emt 0:00:09]} Rxf2 {[%emt 0:00:03]} 37. Qh3 {[%emt 0:00:04]} Rf7 {[%emt 0:00:59]} 38. hxg6 {[%emt 0:00:08]} Rg7 {[%emt 0:00:03]} 39. gxh7 {[%emt 0:00:14]} Rxg3 {[%emt 0:00:04]} 40. Qxg3 {[%emt 0:00:04] Guannan_Song resigns (Lag: Av=0.58s, max=1.0s)} 1-0

[Event "1st Online FIDE Cup for disabled players"]
[Site "T#646224FIDE"]
[Date "2020.05.21"]
[Round "5"]
[White "SargissyanSargis"]
[Black "Soltanov_Serik"]
[Result "1-0"]
[WhiteElo "1693"]
[BlackElo "1634"]
[Annotator "NA"]
[PlyCount "121"]
[EventDate "2020.05.21"]
[EventType "swiss (blitz)"]

1. e4 {[%emt 0:00:05]} Nf6 {[%emt 0:00:03]} 2. e5 {[%emt 0:00:03]} Nd5 {[%emt 0:00:02]} 3. d4 {[%emt 0:00:01]} d6 {[%emt 0:00:02]} 4. Nf3 {[%emt 0:00:00]} Bg4 {[%emt 0:00:06]} 5. Be2 {[%emt 0:00:02]} c6 {[%emt 0:00:03]} 6. Ng5 {[%emt 0:00:11]} Bf5 {[%emt 0:00:05]} 7. g4 {[%emt 0:00:25]} Bc8 {[%emt 0:00:49]} 8. e6 {[%emt 0:00:18]} Bxe6 {[%emt 0:00:05]} 9. Nxe6 {[%emt 0:00:08]} fxe6 {[%emt 0:00:01]} 10. c4 {[%emt 0:00:08]} Nb6 {[%emt 0:00:05]} 11. Bd3 {[%emt 0:00:08]} N8d7 {[%emt 0:00:05]} 12. Qc2 {[%emt 0:01:17]} Qc7 {[%emt 0:00:13]} 13. a4 {[%emt 0:01:07]} a5 {[%emt 0:00:53]} 14. Bxh7 {[%emt 0:01:44]} O-O-O {[%emt 0:00:10]} 15. Na3 {[%emt 0:00:26]} Nf6 {[%emt 0:00:04]} 16. Bd3 {[%emt 0:00:19]} Nxg4 {[%emt 0:00:04]} 17. Bf4 {[%emt 0:00:47]} g5 {[%emt 0:00:22]} 18. Bg3 {[%emt 0:00:08]} Bg7 {[%emt 0:00:14]} 19. Qe2 {[%emt 0:00:06]} Nf6 {[%emt 0:00:34]} 20. Qxe6+ {[%emt 0:00:32]} Qd7 {[%emt 0:00:09]} 21. Qxd7+ {[%emt 0:00:08]} Nbxd7 {[%emt 0:00:10]} 22. O-O-O {[%emt 0:00:08]} e5 {[%emt 0:00:14]} 23. dxe5 {[%emt 0:00:07]} Nxe5 {[%emt 0:00:02]} 24. Bf5+ {[%emt 0:00:05]} Kc7 {[%emt 0:00:13]} 25. c5 {[%emt 0:00:07]} Nh5 {[%emt 0:01:15]} 26. cxd6+ {[%emt 0:00:27]} Rxd6 {[%emt 0:00:02]} 27. Rxd6 {[%emt 0:01:39] Soltanov_Serik reconnected.} Nxg3 {[%emt 0:00:04]} 28. Rxc6+ {[%emt 0:00:07]} bxc6 {[%emt 0:00:11]} 29. fxg3 {[%emt 0:00:02]} g4 {[%emt 0:00:10]} 30. h4 {[%emt 0:00:16]} Rf8 {[%emt 0:00:18]} 31. Be4 {[%emt 0:00:02]} Rf2 {[%emt 0:00:12]} 32. h5 {[%emt 0:00:16]} Bh6+ {[%emt 0:00:50]} 33. Kb1 {[%emt 0:00:03]} Nf3 {[%emt 0:00:11]} 34. Nc4 {[%emt 0:00:14]} Rg2 {[%emt 0:00:02]} 35. Nxa5 {[%emt 0:00:16]} Rxg3 {[%emt 0:00:04]} 36. Nc4 {[%emt 0:00:22]} Nd4 {[%emt 0:00:15]} 37. Rd1 {[%emt 0:00:06]} c5 {[%emt 0:00:02]} 38. a5 {[%emt 0:00:06]} Kb8 {[%emt 0:00:11]} 39. Rf1 {[%emt 0:00:09]} Nf3 {[%emt 0:00:05]} 40. Rd1 {[%emt 0:00:06]} Nd4 {[%emt 0:00:02]} 41. Rf1 {[%emt 0:00:04]} Nf3 {[%emt 0:00:01]} 42. Ka2 {[%emt 0:00:17]} Rh3 {[%emt 0:00:05]} 43. Rd1 {[%emt 0:00:06]} Nd4 {[%emt 0:00:02]} 44. Rf1 {[%emt 0:00:04]} Nf3 {[%emt 0:00:01]} 45. Nd6 {[%emt 0:00:15]} Bg7 {[%emt 0:00:11]} 46. Nb5 {[%emt 0:00:14]} Rh2 {[%emt 0:00:03]} 47. Rb1 {[%emt 0:00:07]} Nd4 {[%emt 0:00:10]} 48. Nxd4 {[%emt 0:00:04]} Bxd4 {[%emt 0:00:03]} 49. Rf1 {[%emt 0:00:06]} Rxb2+ {[%emt 0:00:05]} 50. Ka3 {[%emt 0:00:01]} g3 {[%emt 0:00:10]} 51. Rf8+ {[%emt 0:00:09]} Ka7 {[%emt 0:00:05]} 52. Rg8 {[%emt 0:00:01]} Ka6 {[%emt 0:00:08]} 53. Ra8+ {[%emt 0:00:05]} Kb5 {[%emt 0:00:04]} 54. Rb8+ {[%emt 0:00:01]} Kc4 {[%emt 0:00:02]} 55. Rxb2 {[%emt 0:00:01]} Bxb2+ {[%emt 0:00:03]} 56. Kxb2 {[%emt 0:00:02]} Kd4 {[%emt 0:00:01]} 57. Bg2 {[%emt 0:00:03]} c4 {[%emt 0:00:02]} 58. Kc2 {[%emt 0:00:02]} c3 {[%emt 0:00:01]} 59. a6 {[%emt 0:00:01]} Kc5 {[%emt 0:00:01]} 60. a7 {[%emt 0:00:01]} Kb6 {[%emt 0:00:01]} 61. a8=Q {[%emt 0:00:01] Soltanov_Serik Ñäàåòñÿ (Lag: Av=1.48s, max=24.8s)} 1-0